Library Banner

Current medical diagnosis & treatment [CMDT] 2003 / (Record no. 108988)

MARC details
000 -LEADER
fixed length control field 00492nam a22001577a 4500
005 - DATE AND TIME OF LATEST TRANSACTION
control field 20181120121313.0
008 - FIXED-LENGTH DATA ELEMENTS--GENERAL INFORMATION
fixed length control field 181120b ||||| |||| 00| 0 eng d
020 ## - INTERNATIONAL STANDARD BOOK NUMBER
International Standard Book Number 0071395938
040 ## - CATALOGING SOURCE
Transcribing agency PK-LaUMT
082 ## - DEWEY DECIMAL CLASSIFICATION NUMBER
Classification number 610
Item number CUR-
245 ## - TITLE STATEMENT
Title Current medical diagnosis & treatment [CMDT] 2003 /
Statement of responsibility, etc edited by Lawrence MTierney, Stephen J. McPhee and Maxine A. Papadakis
250 ## - EDITION STATEMENT
Edition statement 42th ed.
260 ## - PUBLICATION, DISTRIBUTION, ETC. (IMPRINT)
Place of publication, distribution, etc New York :
Name of publisher, distributor, etc Lange Medical Books/McGraw-Hill,
Date of publication, distribution, etc 2003
300 ## - PHYSICAL DESCRIPTION
Extent 1860 p.
942 ## - ADDED ENTRY ELEMENTS (KOHA)
Koha item type Books
Holdings
Withdrawn status Lost status Damaged status Home library Current library Date acquired Full call number Barcode Date last seen Price effective from Koha item type
      UMT Health Sciences Campus UMT Health Sciences Campus 2018-11-20 610 CUR- 125238 2018-11-20 2018-11-20 Books